کمپيوٹر ڈيٹا پروسيسنگ / (Record no. 26792)
[ view plain ]
| 000 -LEADER | |
|---|---|
| fixed length control field | 01285nam a22002537a 4500 |
| 005 - DATE AND TIME OF LATEST TRANSACTION | |
| control field | 20100819150325.0 |
| 008 - FIXED-LENGTH DATA ELEMENTS--GENERAL INFORMATION | |
| fixed length control field | 090525t xxu||||| |||| 00| 0 Urd |
| 010 ## - LCCN (DPL NO) | |
| LC control number | B-327669, UR-7785 |
| 020 ## - INTERNATIONAL STANDARD BOOK NUMBER | |
| International Standard Book Number | 8185738297 |
| Terms of availability | 335.00 |
| 035 ## - SYSTEM CONTROL NUMBER | |
| System control number | U-6340 |
| 037 ## - SOURCE OF ACQUISITION | |
| Source of stock number/acquisition | آہلوواليہ بکڈپو |
| 040 ## - CATALOGING SOURCE | |
| Original cataloging agency | dpl |
| Language of cataloging | Urdu |
| 082 ## - DEWEY DECIMAL CLASSIFICATION NUMBER | |
| Classification number | 004 |
| 100 ## - MAIN ENTRY--PERSONAL NAME | |
| Personal name | محمودانورعاشی |
| 9 (RLIN) | 15248 |
| 245 ## - TITLE STATEMENT | |
| Title | کمپيوٹر ڈيٹا پروسيسنگ / |
| Statement of responsibility, etc | محمورانورعاشی |
| 246 ## - VARYING FORM OF TITLE | |
| Title proper/short title | Computer Data Processing / |
| Remainder of title | by Mohd. Anwar Ashi |
| 260 ## - PUBLICATION, DISTRIBUTION, ETC. (IMPRINT) | |
| Place of publication, distribution, etc | دلّی |
| Name of publisher, distributor, etc | کتاب والا |
| Date of publication, distribution, etc | 2008 |
| 270 ## - ADDRESS | |
| Address | 2794,Gali Jhot Wali,Pahari Bhojla |
| City | Delhi |
| Postal code | 110006 |
| Telephone number | 23281499,23240379,9810277298 |
| 300 ## - PHYSICAL DESCRIPTION | |
| Extent | 344 ص |
| Other physical details | 22cm.(Hb) |
| 942 ## - ADDED ENTRY ELEMENTS (KOHA) | |
| Source of classification or shelving scheme | Dewey Decimal Classification |
| Item type | Urdu Bks |
| Classification part | 004 |
| Call number suffix | م ح م |
| Withdrawn status | Lost status | Source of classification or shelving scheme | Damaged status | Not for loan | Collection code | Home library | Current library | Date acquired | Source of acquisition | Cost, normal purchase price | Total Checkouts | Total Renewals | Full call number | Barcode | Date last seen | Copy number | Cost, replacement price | Koha item type |
|---|---|---|---|---|---|---|---|---|---|---|---|---|---|---|---|---|---|---|
| Dewey Decimal Classification | Non-fiction | Central Library | Central Library | 25/05/2009 | Ahluwalia Book Depot /194/08/21.03.09/4:25/13.03.09/09.04.09 | 335.00 | 1 | 1 | 004 م ح م | B-327669 | 02/04/2019 | 1 | 335.00 | Urdu Bks | ||||
| Dewey Decimal Classification | Not For Loan | Non-fiction | D.B.Act.Division | D.B.Act.Division | 19/08/2010 | DBAD/PUB | 335.00 | 004 م ح م | U-6340 | 19/08/2010 | 1 | 335.00 | Urdu Bks |
